Guide to implementation of phytosanitary standards in forestry (Record no. 20255)

000 -LEADER
fixed length control field 01872cam a2200229 a 4500
020 ## - INTERNATIONAL STANDARD BOOK NUMBER
ISBN 9789251070086
020 ## - INTERNATIONAL STANDARD BOOK NUMBER
ISBN 9251070083
040 ## - CATALOGING SOURCE
Transcribing agency DLC
082 ## - DEWEY DECIMAL CLASSIFICATION NUMBER
Classification number 634 FAO 2011 C323 Or.
245 00 - TITLE STATEMENT
Title Guide to implementation of phytosanitary standards in forestry
250 ## - EDITION STATEMENT
Edition statement Rev. ed
260 ## - PUBLICATION, DISTRIBUTION, ETC. (IMPRINT)
Place of publication Rome :
Name of publisher Food and Agriculture Organization of the United Nations,
Year of publication 2011
300 ## - PHYSICAL DESCRIPTION
Number of Pages xi, 165 p. :
Other physical details ill. (chiefly col.) ;
Dimensions 25 cm
490 1# - SERIES STATEMENT
Series statement FAO forestry paper,
500 ## - GENERAL NOTE
General note Includes glossary
520 ## - SUMMARY, ETC.
Summary, etc "This guide, produced by an international group of scientists, phytosanitary authorities, forest experts and industry representatives and reviewed by more than 100 specialists from 46 countries, provides easy-to-understand information on how good forest management practices and well implemented phytosanitary standards can minimize pest spread and facilitate safe trade. Specifically, it explains how the International Standards for Phytosanitary Measures (ISPMs) and national plant protection organization (NPPO) regulations affect the import and export of forest commodities; how relevant ISPMs can be used to prevent pest introduction and spread; and how forest-sector personnel can work together with NPPOs to contribute to the development and implementation of ISPMs and national phytosanitary regulations that help reduce pest movement while restricting trade as little as possible. The guide will be of vital interest to people involved in nursery activities, planting, managing, harvesting, manufacturing, trading and transporting forest products. It will also benefit forest policy-makers, planners, managers and educators, particularly in developing countries."--P. [4] of cover
650 #0 - SUBJECT ADDED ENTRY--TOPICAL TERM
Topical Term Trees
650 #0 - SUBJECT ADDED ENTRY--TOPICAL TERM
Topical Term Forest insects
650 #0 - SUBJECT ADDED ENTRY--TOPICAL TERM
Topical Term Forest health
710 2# - ADDED ENTRY--CORPORATE NAME
Corporate name or jurisdiction name as entry element Food and Agriculture Organization of the United Nations
942 ## - ADDED ENTRY ELEMENTS (KOHA)
Koha item type ADB
952 ## - LOCATION AND ITEM INFORMATION (KOHA)
Withdrawn status [LOCAL, KOHA] 0
Holdings
Koha item type Barcode Lost status Permanent Location Current Location Date acquired Full call number
សៀវភៅភាសាអង់គ្លេសA069801 Library Block CLibrary Block C2022-08-15634 FAO 2011 C323 Or.
មជ្ឈមណ្ឌលឯការនៃសាកលវិទ្យាល័យភូមិន្ទកសិកម្មចំការដូង

Powered by Koha